00651nam a2200181Ia 4500003000400000005001700004008004100021040000900062082001900071100001900090245004500109260003600154630002800190650010600218942000900324952011900333999001700452OSt20220830085107.0211109s9999||||xx |||||||||||||| ||und|| cSBCL a894.803bDAT-V aDatta, Amaresh 0aEncyclopaedia of indian literature vol 2 bSahitya AkademiaNewdelhic1987 xPOST GRADUATE REFERENCE aAltaic, Uralic, Hyperborean & Dravidian vLiteratures of other languagexLiterature & rhetoricEnglish cBOOK 00102ddc4070aSBCLbSBCLc3d2021-11-09g500.00o894.803 DAT-Ep00090683r2021-11-09 00:00:00w2021-11-09yBOOK c48570d48570